| 000 | 01299cam a2200361 a 4500 | ||
|---|---|---|---|
| 999 |
_c11116 _d11116 |
||
| 001 | 15673995 | ||
| 003 | OSt | ||
| 005 | 20191223140645.0 | ||
| 008 | 090326s2009 ii b 001 0 eng | ||
| 010 | _a 2009341756 | ||
| 020 | _a9780198074939 | ||
| 020 | _a019807493X | ||
| 025 | _aI-E-2009-341756; 79-92; 84-92 | ||
| 037 |
_bLibrary of Congress -- New Delhi Overseas Office _cRs795.00 |
||
| 040 |
_aDLC _cDLC _dDLC |
||
| 042 | _alcode | ||
| 043 | _aa-ii--- | ||
| 050 | 0 | 0 |
_aHG1235 _b.M635 2009 |
| 082 |
_a338.954 _bMOH/M |
||
| 100 | 1 |
_aMohan, Rakesh, _d1948- _9687 |
|
| 245 | 1 | 0 |
_aMonetary policy in a globalized economy : _ba practitioner's view / _cRakesh Mohan. |
| 260 |
_aNew Delhi ; _aNew York : _bOxford University Press, _c2009. |
||
| 300 |
_axx, 328 p. ; _c24 cm. |
||
| 504 | _aIncludes bibliographical references and index. | ||
| 520 | _aWith reference to India. | ||
| 650 | 0 |
_aMonetary policy _zIndia. |
|
| 650 | 0 |
_aBanks and banking _zIndia. |
|
| 650 | 0 |
_aGlobalization _xEconomic aspects _zIndia. |
|
| 856 | 4 | 2 |
_3Publisher description _uhttp://www.loc.gov/catdir/enhancements/fy0908/2009341756-d.html |
| 906 |
_a7 _bcbc _corigode _d3 _encip _f20 _gy-gencatlg |
||
| 942 |
_2ddc _cBK _h338.954 _iMOH/M _k338.954 _mMOH/M |
||